Las arenas del litoral bonaerense entre el río Sauce Grande y Monte Hermoso. /
Guardado en:
| Autor Principal: | |
|---|---|
| Formato: | Libro |
| Idioma: | Spanish |
| Publicado: |
Bahía Blanca :
Universidad Nacional del Sur, Departamento de geología,
1971.
|
| Etiquetas: |
Agregar Etiqueta
Sin Etiquetas, Sea el primero en etiquetar este registro!
|
| LEADER | 00524nam a22001455a 4500 | ||
|---|---|---|---|
| 001 | EUN.um023035 | ||
| 003 | AR-BaUNS | ||
| 005 | 20050623122901.0 | ||
| 008 | 041125s1971####ag############000#0#spa#d | ||
| 245 | 1 | 4 | |a Las arenas del litoral bonaerense entre el río Sauce Grande y Monte Hermoso. / |c Augusto P. Calmels. |
| 260 | |a Bahía Blanca : |b Universidad Nacional del Sur, Departamento de geología, |c 1971. | ||
| 300 | |a 31 h. | ||
| 100 | 1 | |a Calmels, Augusto P. | |
| 082 | 0 | 4 | |a 552.5 |
| 859 | |a Ar-BaUNS |b BIB. CENTRAL - Sector C |h 552.5 |i C136-8 |p 63127/972 | ||
